000 01188nam a2200265Ia 4500
003 OSt
005 20220918111021.0
006 a|||||r|||| 00| 0
007 ta
008 220915b |||||||| |||| 00| 0 san d
020 _a9789382443018 (hbk)
_c1500
024 _a20,399
037 _b828, 03/03/2015, Anshika Book International
_cReference Collections
040 _aARTS
_cARTS
_bsan
041 _2san
_asan
082 _aP15,Cx1,1,6, 152Q3.1,1,2(RR)
100 _aदीक्षित, भट्टोजी
_99023
245 0 _aवैयाकरण सिद्धान्तकौमुदी
246 _aVaiyākaraṇ siddhāntakaumudī
260 _aवाराणसी
_bचौखम्बा सुरभारती प्रकाशन भारत
_c2013
490 _vभाग 1: खण्ड 1
_aचौखम्बा ाुरभारती ग्रन्थमाला; 504
650 _aहिन्दी भाषा
_9232
942 _hP15,Cx1,1,6, 152Q3.1,1,2(RR)
_cREF
999 _c116468
_d116468